000 00718nam a2200289Ia 4500
005 20260324123514.0
008 008 260324s9999 xx 000 0 eng d
020 _a9780203105610
037 _aEBOOK
040 _aCRL
040 _beng
040 _cCRL
041 _2eng
041 _aeng
084 _qCRL
100 _aBetsy Stanko; Ben Bradford; Jonathan Jackson; Katrin Hohl
_91170569
245 0 _aJust Authority?
245 0 _bTrust in the Police in England and Wales
260 _bTaylor and Francis
260 _c2012
365 _a
365 _b265
856 _uhttp://www.taylorfrancis.com/books/9780203105610
942 _cEBOOK
999 _c1764146
_d1764146